000 00600nam a2200193Ia 4500
008 151119s9999||||xx |||||||||||||| ||und||
082 _a294.53
082 _bGKKV9760
100 _aजोशी प्र न
245 _aश्रीज्ञानदेव अभंगगाथा
260 _a--
260 _b--
260 _c0
600 _aजोशी प्र न
630 _aश्रीज्ञानदेव अभंगगाथा
700 _aजोशी प्र न
730 _aश्रीज्ञानदेव अभंगगाथा
942 _cBOOK
999 _c1064003
_d1064000